| 000 | 00653nam a22001937a 4500 | ||
|---|---|---|---|
| 003 | OSt | ||
| 005 | 20180116183002.0 | ||
| 008 | 150304b xxu||||| |||| 00| 0 eng d | ||
| 020 | _a9780195475012 | ||
| 040 |
_b0 _c0 |
||
| 082 | _a362.580954 HAQ 2007 | ||
| 100 | _aMahbub ul Haq Human Development Centre | ||
| 245 |
_aHuman Development in South Asia 2006 _bPoverty in South Asia: Challenges and Responses _cMahbub ul Haq Human Development Centre |
||
| 260 |
_aNew York _bOxford University Press _c2007 |
||
| 300 |
_a212p. _bPB |
||
| 440 | _aHuman Development in South Asia 2006 | ||
| 610 | _aMahbub ul Haq Human Development Centre | ||
| 942 |
_2ddc _cBK |
||
| 999 |
_c349894 _d349894 |
||